00413nam a2200169Ia 4500003000400000005001700004008004100021020001800062050002500080100001400105245004700119260003500166300002100201440000600222521000700228526000800235OSt20140318094139.0140130s9999 xx 000 0 und d a9780439622486 aPZ 7b.Y3638Sta 2007 aYee, Lisa aStanford wong flunks big-time /cLisa Yee. bScholastic,c2007.aNew York : a296 p. :c18 cm. v1 aG4 c640